| 000 | 00573nam a22002057a 4500 | ||
|---|---|---|---|
| 003 | OSt | ||
| 005 | 20160208133022.0 | ||
| 008 | 160208b xxu||||| |||| 00| 0 eng d | ||
| 020 | _a0131865919 | ||
| 040 | _cDDC. | ||
| 082 | _a658.8ARM 2006. | ||
| 100 |
_aArmstrong, Gary;Kotler,Philip; _96736 |
||
| 245 |
_aMarketing; _bAn Introduction. |
||
| 250 | _a8th ed. | ||
| 260 |
_aNew Jersey; _bPrentice Hall. _c2006. |
||
| 300 |
_axxxii,522p; _bill; _c30cm. |
||
| 504 | _aAppendix ,References,Glossary and Index are included. | ||
| 650 |
_aMarketing. _9518 |
||
| 942 |
_2ddc _cSLOAN |
||
| 999 |
_c2994 _d2994 |
||